| 000 | 00450nam a22001937a 4500 | ||
|---|---|---|---|
| 003 | MPLRDC | ||
| 005 | 20220104114036.0 | ||
| 008 | 210129b ||||| |||| 00| 0 eng d | ||
| 020 | _a957-639-191-1 | ||
| 082 | _a848.2 AY v.12 | ||
| 100 | _a爱亚著 | ||
| 245 |
_a梦的绕行 _c |
||
| 250 | _a初版 | ||
| 260 |
_a _b尔雅出版社 _c1995 |
||
| 300 | _b平 | ||
| 490 | _a尔雅丛书;307 | ||
| 650 | _a现代别集 | ||
| 942 |
_cBK _o848.2 AY v.12 |
||
| 999 |
_c4361 _d4351 |
||